000 00292nam a22001337a 4500
008 170908b xxu||||| |||| 00| 0 eng d
020 _a9780736278010
041 _aeng
080 _a91
100 _a42
101 _aGJEO
245 _aEARTH SCIENCE
_cNATIONAL GEOGRAPHIC
942 _2udc
_cBK
999 _c26862
_d26862